Arquitectura bioclimática

Shranjeno v:
Bibliografske podrobnosti
Main Authors: Izard, Jean-Louis (Author), Guyot, Alain (Author)
Format: Knjiga
Jezik:španščina
Izdano: Barcelona Gustavo Gili 1980
Serija:Colección Tecnología y Arquitectura
Teme:
Oznake: Označite
Brez oznak, prvi označite!

MARC

LEADER 00000nam a2200000 a 4500
001 UCV8328
003 CL-VaPUC
008 910409e19800000SP |||||||||||||||||spa|d
082 0 4 |a 720.472  |b IZA  |2 21 
100 0 |a Izard, Jean-Louis  |e author  |9 302395 
700 0 |a Guyot, Alain  |e author  |9 302396 
245 1 0 |a Arquitectura bioclimática 
300 |a 191 p 
942 |c BK 
945 |d 19910409 00:00:00 
260 |a Barcelona  |b Gustavo Gili  |c 1980 
650 0 |a Arquitectura y clima   |9 266461 
583 |a last modification  |c 19910409 00:00:00  |k Rodrigo Vera 
490 0 |a Colección Tecnología y Arquitectura 
999 |c 213864  |d 213862 
952 |0 0  |1 0  |4 0  |6 720_472000000000000_IZA_1980  |7 0  |8 A  |9 196680  |a BIBARQ  |b BIBARQ  |d 2019-11-14  |i 2645084  |o 720.472 IZA 1980  |p 2645084  |r 2025-01-20  |w 2019-11-14  |y BK  |k ARQ